Statistics for Country Tripoints by Initials #4

Click here to take the quiz!

General Stats

  • This quiz has been taken 50 times
  • The average score is 49 of 57

Answer Stats

Country% Correct
Djibouti
98%
E
98%
F
98%
France
98%
Angola
93%
B
93%
D
93%
Egypt
93%
Eritrea
93%
I
93%
Italy
93%
L
93%
S
93%
Switzerland
93%
A
90%
Brazil
90%
Democratic Republic of the Congo
90%
E
90%
Ethiopia
90%
Ethiopia
90%
I
90%
S
90%
C
88%
E
88%
G
88%
Libya
88%
Libya
88%
Republic of the Congo
88%
S
88%
Sudan
88%
Sudan
88%
T
88%
Iran
85%
Iraq
85%
M
85%
S
85%
S
85%
Tunisia
85%
Algeria
83%
E
83%
I
83%
South Africa
83%
South Sudan
83%
T
83%
Turkey
83%
Venezuela
83%
Z
83%
Zimbabwe
83%
Colombia
80%
L
80%
Mozambique
80%
Ghana
73%
V
73%
B
71%
Burkina Faso
71%
C
68%
Cote d'Ivoire
68%

Score Distribution

Percentile by Number Answered

Percent of People with Each Score

Your Score History

You have not taken this quiz